| 000 | 01321nam a2200337 a 4500 | ||
|---|---|---|---|
| 001 | ebr10671514 | ||
| 003 | CaPaEBR | ||
| 006 | m o u | ||
| 007 | cr cn||||||||| | ||
| 008 | 111117s2012 enka sb 001 0 eng d | ||
| 010 | _z 2011043131 | ||
| 020 | _z184821345X | ||
| 020 | _z9781848213456 | ||
| 020 | _z9781118563304 (e-book) | ||
| 040 |
_aCaPaEBR _cCaPaEBR |
||
| 035 | _a(OCoLC)830512388 | ||
| 050 | 1 | 4 |
_aTA418.9.N35 _bC357 2012eb |
| 082 | 0 | 4 |
_a620.1/15 _223 |
| 245 | 0 | 0 |
_aCarbon nanotubes and nanosensors _h[electronic resource] : _bvibration, buckling and ballistic impact / _cIsaac Elishakoff ... [et al.]. |
| 260 |
_aLondon : _bISTE ; _aHoboken, N.J. : _bWiley, _c2012. |
||
| 300 |
_axiii, 421 p. : _bill. |
||
| 504 | _aIncludes bibliographical references and indexes. | ||
| 533 |
_aElectronic reproduction. _bPalo Alto, Calif. : _cebrary, _d2015. _nAvailable via World Wide Web. _nAccess may be limited to ebrary affiliated libraries. |
||
| 650 | 0 |
_aNanotubes _xImpact testing. |
|
| 650 | 0 |
_aNanotubes _xElastic properties. |
|
| 650 | 0 |
_aDetectors _xTesting. |
|
| 655 | 7 |
_aElectronic books. _2local |
|
| 700 | 1 | _aElishakoff, Isaac. | |
| 710 | 2 | _aebrary, Inc. | |
| 856 | 4 | 0 |
_uhttp://site.ebrary.com/lib/rucke/Doc?id=10671514 _zAn electronic book accessible through the World Wide Web; click to view |
| 999 |
_c62884 _d62884 |
||